| 000 | 00944cam a22002533a 4500 | ||
|---|---|---|---|
| 001 | 9104 | ||
| 003 | PGUSA | ||
| 005 | 20140828083208.0 | ||
| 008 | 051001s2005||||xxu|||||s|||||000 | eng d | ||
| 040 |
_aPGUSA _beng |
||
| 042 | _adc | ||
| 050 | 4 | _aE300 | |
| 100 | 1 |
_aRoosevelt, Theodore, _d1858-1919 |
|
| 245 | 1 | 4 |
_aThe Naval War of 1812 : _bOr the History of the United States Navy during the Last War with Great Britain to Which Is Appended an Account of the Battle of New Orleans _h[electronic resource] / _cTheodore Roosevelt |
| 260 |
_bProject Gutenberg, _c2005 |
||
| 506 | _aPublic domain in the USA. | ||
| 516 | _aElectronic text | ||
| 653 | _aUnited States -- History -- War of 1812 -- Naval operations | ||
| 653 | _aNew Orleans, Battle of, New Orleans, La., 1815 | ||
| 653 | _aUnited States. Navy -- History -- War of 1812 | ||
| 830 | 0 |
_aProject Gutenberg _v9104 |
|
| 856 | 4 | 0 | _uhttp://www.gutenberg.org/ebooks/9104 |
| 942 | _cEB | ||
| 999 |
_c238388 _d238388 |
||